000 00532nam a22001817a 4500
003 OSt
005 20140310181720.0
008 130306t xxu||||| |||| 00| 0 eng d
020 _a9780192805850
050 _aB 105.C477
_b.B58 2005
082 _aIB 100
_bV62b 2005
100 _aBlackmore, Susan.
245 _aConsciousness :
_b a very short introduction /
_cSusan Blackmore.
260 _aOxford, UK ; New York, N.Y
_bOxford University Press,
_c2005.
300 _a146 p. :
_c18 cm.
_bill. ;
942 _2lcc
_cBK
999 _c1950
_d1950